Music Quiz

Random Music or Bands Quiz

Songs from FOUR by One Direction? Quiz Stats

 Plays Quiz not verified by Sporcle

Score 0/16 Timer 04:00
0 Plays Today
Song Lyric Name of Song % Correct
We want the same things. We dream the same dreamsSteal My Girl
93.7%
When I'm fat and oldAct My Age
93.7%
No regrets is all that she really wantsNight Changes
92.6%
Baby, look what you've done to meStockholm Syndrome
89.9%
Who's gonna be the first to say goodbye?Spaces
89.4%
Counted all my mistakes and there's only one.Where do Broken Hearts Go
89.4%
Kiss me where I lay down, my hands pressed to your cheeks.18
87.8%
I think I'm gonna lose my mind, I roll and I roll 'till I'm out of luck.Fireproof
87.3%
Song Lyric Name of Song % Correct
Watching you get dressed messes with my headChange Your Ticket
85.2%
I can't contain this anymore, I'm all yoursNo Control
84.1%
I get down on my knees for you.Girl Almighty
82.5%
You're the rays on the waves that calm my mind. Oh, every time.Fool's Gold
76.2%
You're gonna want the air that I breathe, You're gonna wish you never left me.Clouds
76.2%
Not even a landslide or riptide could take it all away.Once in A Lifetime
70.9%
I wanna be yours. Don't you wanna be mine?Ready to Run
69.3%
I promise falling for me won't be a mistake.Illusion
69.3%

You're not logged in!

Compare scores with friends on all Sporcle quizzes.
OR
Log In

Sporcle TV

Today on Sporcle TV


Watch our educational content, quiz creation guides, and fun videos on Sporcle TV.

Show Comments

Extras

Top Quizzes Today


Score Distribution

Your Account Isn't Verified!

In order to create a playlist on Sporcle, you need to verify the email address you used during registration. Go to your Sporcle Settings to finish the process.

Report this User

Report this user for behavior that violates our Community Guidelines.

Details: